[Event "AUTO-MASTER-2170"]
[Site "http://www.queenalice.com/game.php?id=1314446"]
[Date "2014.10.11"]
[Round "1"]
[White "lobatov"]
[Black "Zugswang"]
[Result "1-0"]
[WhiteElo "2095"]
[BlackElo "2046"]

1. d4 Nf6 2. c4 c5 3. d5 b5 4. cxb5 a6 5. Nc3 d6 6. e4 axb5 7. Bxb5+ Bd7 8.
Bxd7+ Nbxd7 9. Nf3 g6 10. O-O Bg7 11. Re1 O-O 12. Bg5 h6 13. Bh4 g5 14. Bg3 Nh5
15. Qc2 Nxg3 16. hxg3 Qb6 17. Rab1 Ne5 18. Nxe5 Bxe5 19. Qe2 Qa5 20. Qh5 Kg7 21.
f4 gxf4 22. gxf4 Bxf4 23. Qg4+ Bg5 24. e5 f6 25. exf6+ exf6 26. Re7+ Kg6 27. Ne2
Qb4 28. Qd7 Rg8 29. Ng3 Qd4+ 30. Kh2 Qxd5 31. Rd1 1-0

[Event "AUTO-MASTER-2242"]
[Site "http://www.queenalice.com/game.php?id=1339168"]
[Date "2015.2.4"]
[Round "1"]
[White "salso"]
[Black "lobatov"]
[Result "0-1"]
[WhiteElo "2110"]
[BlackElo "2019"]

1. d4 Nf6 2. e3 d6 3. Bd3 g6 4. Nd2 Bg7 5. c3 O-O 6. h4 h5 7. f3 e5 8. Ne4 Nxe4
9. fxe4 c6 10. Nf3 Bg4 11. Qb3 Qc7 12. Ng5 Nd7 13. Bc4 d5 14. exd5 exd4 15. exd4
Qg3+ 16. Kf1 Rae8 17. Bd2 cxd5 18. Bb5 a6 19. Bxd7 Re2 20. Bxg4 Qf2# 0-1

[Event "AUTO-MASTER-2242"]
[Site "http://www.queenalice.com/game.php?id=1339169"]
[Date "2015.2.4"]
[Round "1"]
[White "lobatov"]
[Black "salso"]
[Result "0-1"]
[WhiteElo "2024"]
[BlackElo "2057"]

1. e4 e5 2. Nf3 d6 3. d4 Nd7 4. dxe5 dxe5 5. Bc4 c6 6. O-O Be7 7. h3 Ngf6 8. Re1
Qc7 9. Bg5 b5 10. Bb3 c5 11. c3 c4 12. Bc2 Bb7 13. Nbd2 O-O 14. Nf1 Nc5 15. Ng3
Rad8 16. Qe2 Ne6 17. Bxf6 Bxf6 18. Nh5 Be7 19. Nh2 g6 20. Ng3 Nf4 21. Qf3 Rd2
22. Rac1 Rfd8 23. Nhf1 R2d7 24. Ne3 Nd3 25. Bxd3 cxd3 26. Red1 f5 27. Ngxf5 gxf5
28. Nxf5 Bf8 29. Qg4+ Rg7 30. Nxg7 Bxg7 31. h4 Qc6 32. f3 Qg6 33. Qh3 Bh6 34.
Rb1 Bc8 35. Qh2 Bf4 0-1

[Event "AUTO-MASTER-2242"]
[Site "http://www.queenalice.com/game.php?id=1339182"]
[Date "2015.2.4"]
[Round "1"]
[White "lobatov"]
[Black "rpalmero"]
[Result "1-0"]
[WhiteElo "2008"]
[BlackElo "2020"]

1. e4 c5 2. Nf3 e6 3. d4 cxd4 4. Nxd4 a6 5. c4 Nc6 6. Be3 Nf6 7. f3 Qc7 8. Nc3
b6 9. Rc1 Bb7 10. Be2 Bd6 11. g3 Rc8 12. a3 Bc5 13. b4 Nxd4 14. Bxd4 Bxd4 15.
Qxd4 Ke7 16. O-O h5 17. e5 Nh7 18. Ne4 Nf8 19. Nd6 Rd8 20. f4 h4 21. f5 hxg3 22.
f6+ gxf6 23. exf6# 1-0

[Event "AUTO-MASTER-2242"]
[Site "http://www.queenalice.com/game.php?id=1339183"]
[Date "2015.2.4"]
[Round "1"]
[White "rpalmero"]
[Black "lobatov"]
[Result "0-1"]
[WhiteElo "2003"]
[BlackElo "2031"]

1. c4 e5 2. e3 Nf6 3. Nc3 d5 4. cxd5 Nxd5 5. a3 Be7 6. Qc2 O-O 7. Nf3 Nc6 8. Bc4
Be6 9. Nxd5 Bxd5 10. b4 Bf6 11. e4 Bxc4 12. Qxc4 a6 13. Bb2 Qd7 14. O-O Rad8 15.
a4 Qd3 16. Rac1 g5 17. h3 h5 18. Rc3 Qxc4 19. Rxc4 g4 20. hxg4 hxg4 21. b5 gxf3
22. gxf3 Rxd2 23. Ba3 Ne7 24. Rxc7 Re8 25. Rxb7 axb5 26. axb5 Ra2 27. Bc5 Ng6
28. b6 Nf4 29. Ra7 Rb2 30. Rd1 Ne2+ 31. Kg2 Nd4 32. b7 Rb8 33. Ra6 Kg7 34. Rg1
Ne6 35. Kh3+ Kh7 36. Be3 R2xb7 37. Kg4 Rg8+ 0-1

[Event "AUTO-MASTER-2242"]
[Site "http://www.queenalice.com/game.php?id=1339184"]
[Date "2015.2.4"]
[Round "1"]
[White "lobatov"]
[Black "Modaste"]
[Result "0-1"]
[WhiteElo "2034"]
[BlackElo "2175"]

1. d4 Nf6 2. c4 e6 3. Nf3 d5 4. Nc3 Be7 5. Bg5 O-O 6. e3 h6 7. Bh4 Nbd7 8. Rc1
b6 9. Bxf6 Nxf6 10. Bd3 Bb7 11. O-O Rc8 12. cxd5 Nxd5 13. e4 Nf4 14. Bb1 c5 15.
dxc5 Bxc5 16. Ne5 Qxd1 17. Rfxd1 Bb4 18. Kh1 Bxc3 19. Rxc3 Rxc3 20. bxc3 Rc8 21.
h3 Rxc3 22. Kh2 f6 23. Rd8+ Kh7 24. Nf7 Rc1 25. g3 Rxb1 26. gxf4 Bxe4 27. h4 h5
0-1

[Event "AUTO-MASTER-2242"]
[Site "http://www.queenalice.com/game.php?id=1339185"]
[Date "2015.2.4"]
[Round "1"]
[White "Modaste"]
[Black "lobatov"]
[Result "1-0"]
[WhiteElo "2137"]
[BlackElo "2046"]

1. c4 e5 2. Nc3 Nf6 3. e4 Be7 4. Nf3 Nc6 5. d3 O-O 6. Be2 d6 7. O-O h6 8. h3 Nh7
9. Nh2 Bg5 10. f4 exf4 11. Bxf4 Bxf4 12. Rxf4 Ng5 13. Qd2 Nd4 14. Raf1 Bxh3 15.
gxh3 Nxh3+ 16. Kh1 Nxf4 17. Qxf4 Ne6 18. Qf2 c5 19. Nd5 Nd4 20. Bd1 Qa5 21. Qg3
Qd2 22. Rg1 g6 23. Ne7+ Kh7 24. Ng4 Qg5 25. Qxd6 Rad8 26. Nf6+ 1-0

[Event "AUTO-OPEN-3439"]
[Site "http://www.queenalice.com/game.php?id=1342843"]
[Date "2015.2.20"]
[Round "1"]
[White "LordBlack"]
[Black "lobatov"]
[Result "0-1"]
[WhiteElo "1746"]
[BlackElo "2015"]

1. d4 Nf6 2. c4 g6 3. Nc3 d5 4. Nf3 Bg7 5. e3 O-O 6. Bd3 Bg4 7. O-O e6 8. a3
Nbd7 9. Be2 c6 10. cxd5 cxd5 11. Nd2 Bxe2 12. Qxe2 Re8 13. b4 a6 14. Bb2 Rc8 0-1

[Event "AUTO-OPEN-3439"]
[Site "http://www.queenalice.com/game.php?id=1342844"]
[Date "2015.2.20"]
[Round "1"]
[White "lobatov"]
[Black "LordBlack"]
[Result "1-0"]
[WhiteElo "2009"]
[BlackElo "1752"]

1. e4 c5 2. Nf3 Nc6 3. d4 cxd4 4. Nxd4 Nf6 5. Nc3 e6 6. f3 a6 7. Be3 d6 8. Qd2
Be7 9. Rd1 Nd7 10. Be2 Nde5 11. O-O O-O 12. f4 Nxd4 13. Bxd4 Nc6 14. Be3 b6 15.
Bf3 1-0

[Event "AUTO-OPEN-3439"]
[Site "http://www.queenalice.com/game.php?id=1342865"]
[Date "2015.2.20"]
[Round "1"]
[White "jnable"]
[Black "lobatov"]
[Result "0-1"]
[WhiteElo "1988"]
[BlackElo "2019"]

1. d4 Nf6 2. Nf3 d5 3. c4 e6 4. e3 Be7 5. Nc3 O-O 6. Bd3 b6 7. O-O Bb7 8. b3 c5
9. dxc5 bxc5 10. Bb2 Nc6 11. Qc2 Nb4 12. Qe2 Nxd3 13. Qxd3 dxc4 14. Qxc4 Bxf3
15. gxf3 Qc8 16. Ne4 Nd5 17. Kh1 f5 18. Nc3 Nxc3 19. Bxc3 Bf6 20. Rac1 Qb7 21.
Qxe6+ Kh8 22. Kg2 Bxc3 23. Rxc3 Rf6 24. Qe5 Rg6+ 25. Qg3 Rxg3+ 26. fxg3 Qd5 27.
Rf2 a5 0-1

[Event "AUTO-OPEN-3439"]
[Site "http://www.queenalice.com/game.php?id=1342866"]
[Date "2015.2.20"]
[Round "1"]
[White "lobatov"]
[Black "jnable"]
[Result "1/2-1/2"]
[WhiteElo "2020"]
[BlackElo "1996"]

1. d4 d5 2. c4 e6 3. Nf3 c5 4. e3 Nf6 5. Be2 Nc6 6. O-O cxd4 7. exd4 Be7 8. Nc3
O-O 9. Bg5 h6 10. Bh4 Bd7 11. Rc1 a6 12. Re1 Rc8 13. Ne5 dxc4 14. Nxc4 Nd5 15.
Bxe7 Ncxe7 16. Ne5 Nxc3 17. bxc3 Nc6 18. f4 Nxe5 19. fxe5 Bc6 20. Bf3 Bxf3 21.
Qxf3 b5 22. Qg4 Qa5 23. Re3 Kh8 24. Rg3 Rg8 25. Rh3 Qxa2 26. Qf4 Kh7 27. Qe4+
Kh8 28. Qf4 Kh7 1/2-1/2

[Event "AUTO-OPEN-3439"]
[Site "http://www.queenalice.com/game.php?id=1342879"]
[Date "2015.2.20"]
[Round "1"]
[White "lobatov"]
[Black "bonow"]
[Result "1-0"]
[WhiteElo "2041"]
[BlackElo "2236"]

1. d4 d5 2. c4 c6 3. Nc3 Nf6 4. Nf3 Nbd7 5. g3 Nb6 6. c5 Nc4 7. b3 Qa5 8. bxc4
Qxc3+ 9. Bd2 Qb2 10. cxd5 cxd5 11. Bg2 e6 12. O-O Ne4 13. Bf4 Be7 14. Qd3 O-O
15. Ne5 f6 16. Ng4 Nc3 17. Bd2 Nb5 18. e3 Na3 19. h4 Bd7 20. Rfc1 Rac8 21. Nh2
b6 22. Bc3 Qb5 23. Qxb5 Nxb5 24. Bb4 bxc5 25. Bxc5 a6 26. Bxe7 Rfe8 27. Rxc8
Bxc8 28. Bc5 Bd7 29. Rb1 Nc3 30. Rb2 Rc8 31. a3 Bb5 32. Bf3 Na4 33. Rc2 Bd3 34.
Rc1 Nxc5 35. dxc5 Bc4 36. Nf1 Rxc5 37. Nd2 Ra5 38. Nxc4 dxc4 39. Rc3 Rb5 40.
Rxc4 Kf7 41. Be2 Ra5 42. a4 f5 43. Kg2 Kf6 44. Kf3 Re5 45. Rc6 Ra5 46. Rxa6 Rc5
47. Ra8 e5 48. Kg2 Rc2 49. Bf1 Rc5 50. a5 Ke7 51. a6 Kd7 52. Rg8 1-0

[Event "AUTO-OPEN-3439"]
[Site "http://www.queenalice.com/game.php?id=1342880"]
[Date "2015.2.20"]
[Round "1"]
[White "bonow"]
[Black "lobatov"]
[Result "1-0"]
[WhiteElo "2241"]
[BlackElo "2039"]

1. d4 Nf6 2. c4 c5 3. d5 b5 4. Nf3 d6 5. Qc2 g6 6. e4 Bg7 7. Be3 O-O 8. Nbd2
Nbd7 9. Be2 b4 10. O-O Bb7 11. a3 a5 12. axb4 axb4 13. Rxa8 Bxa8 14. Ra1 Qb6 15.
Ne1 Bb7 16. Nd3 Ra8 17. Rxa8+ Bxa8 18. f4 h5 19. Qa4 Bb7 20. e5 1-0

[Event "AUTO-MASTER-2293"]
[Site "http://www.queenalice.com/game.php?id=1358327"]
[Date "2015.5.8"]
[Round "1"]
[White "Maniusiek"]
[Black "lobatov"]
[Result "1-0"]
[WhiteElo "2496"]
[BlackElo "2065"]

1. e4 c5 2. Nf3 Nc6 3. d3 d6 4. g3 g6 5. Bg2 Bg7 6. O-O Nf6 7. Re1 O-O 8. Nbd2
Rb8 9. c3 b5 10. d4 cxd4 11. cxd4 e5 12. d5 Ne7 13. a4 a6 14. axb5 axb5 15. Nb3
Ne8 16. Na5 Bd7 17. Qb3 h6 18. Bd2 Kh7 19. Rec1 f5 20. Nc6 Bxc6 21. dxc6 Qc8 22.
Ra7 Ng8 23. c7 1-0

[Event "AUTO-MASTER-2293"]
[Site "http://www.queenalice.com/game.php?id=1358328"]
[Date "2015.5.8"]
[Round "1"]
[White "lobatov"]
[Black "Maniusiek"]
[Result "0-1"]
[WhiteElo "2043"]
[BlackElo "2438"]

1. e4 e5 2. Nf3 Nc6 3. Bb5 Nf6 4. O-O Nxe4 5. d4 a6 6. Ba4 b5 7. Bb3 d5 8. dxe5
Be6 9. Be3 Be7 10. Nbd2 Nc5 11. c3 Nd3 12. Qc2 Ndxe5 13. Nxe5 Nxe5 14. Bd4 f6
15. Rae1 Qd6 16. f4 Nc6 17. f5 Bf7 18. Nf3 Nxd4 19. Nxd4 c5 0-1

[Event "AUTO-MASTER-2293"]
[Site "http://www.queenalice.com/game.php?id=1358345"]
[Date "2015.5.8"]
[Round "1"]
[White "lobatov"]
[Black "chessman"]
[Result "1-0"]
[WhiteElo "2034"]
[BlackElo "1857"]

1. e4 e6 2. d4 d5 3. Nc3 dxe4 4. Nxe4 Nd7 5. Nf3 Ngf6 6. Bg5 Be7 7. Bxf6 Nxf6 8.
Bd3 O-O 9. Qe2 b6 10. Nxf6+ Bxf6 11. Qe4 Rb8 12. Qxh7# 1-0

[Event "AUTO-MASTER-2293"]
[Site "http://www.queenalice.com/game.php?id=1358346"]
[Date "2015.5.8"]
[Round "1"]
[White "chessman"]
[Black "lobatov"]
[Result "1-0"]
[WhiteElo "1641"]
[BlackElo "2043"]

1. e4 c5 2. Nf3 Nc6 3. b4 Nxb4 4. c3 Nc6 5. d4 cxd4 6. cxd4 d5 7. e5 Bg4 8. Be2
e6 9. O-O Be7 10. Nc3 Bb4 11. Bb2 Nge7 12. h3 Bh5 13. Re1 O-O 14. Qd3 Bxf3 15.
Bxf3 Rc8 16. Re2 a6 17. a3 Bxc3 18. Bxc3 Qc7 19. Rc2 Qb6 20. Rb2 Qa7 21. Rab1 b5
22. a4 Nf5 23. axb5 axb5 24. Bxd5 exd5 25. Qxf5 Nxd4 26. Bxd4 Qxd4 27. Rxb5 Qc4
28. e6 d4 29. exf7+ Rxf7 30. Qxc8+ Qxc8 31. Rb8 Rc7 32. Rxc8+ Rxc8 33. Kf1 Kf7
34. Ke2 Ke6 35. Kd3 Kd5 36. Rb5+ Rc5 37. Rxc5+ Kxc5 38. f4 Kd5 39. g4 h6 40. h4
g6 41. h5 1-0

[Event "AUTO-MASTER-2293"]
[Site "http://www.queenalice.com/game.php?id=1358347"]
[Date "2015.5.8"]
[Round "1"]
[White "lobatov"]
[Black "ajbsantos"]
[Result "1-0"]
[WhiteElo "2063"]
[BlackElo "2117"]

1. e4 e5 2. Nf3 Nc6 3. Bb5 a6 4. Ba4 Nf6 5. O-O Be7 6. Re1 b5 7. Bb3 d6 8. h3
O-O 9. c3 Na5 10. Bc2 c5 11. d3 Bb7 12. Nbd2 Re8 13. Nf1 Bf8 14. Bg5 h6 15. Bh4
g6 16. Qd2 1-0

[Event "AUTO-MASTER-2293"]
[Site "http://www.queenalice.com/game.php?id=1358348"]
[Date "2015.5.8"]
[Round "1"]
[White "ajbsantos"]
[Black "lobatov"]
[Result "0-1"]
[WhiteElo "2103"]
[BlackElo "2081"]

1. e4 e6 2. d4 d5 3. Nc3 Nf6 4. Bg5 dxe4 5. Nxe4 Be7 6. Bxf6 Bxf6 7. Nf3 O-O 8.
Qd2 b6 9. O-O-O Bb7 10. Qf4 Nd7 11. Bd3 Qe7 12. Kb1 c5 13. dxc5 Nxc5 14. Nxf6+
Qxf6 15. Qxf6 gxf6 16. Be2 Rfd8 0-1

[Event "AUTO-MASTER-2323"]
[Site "http://www.queenalice.com/game.php?id=1369695"]
[Date "2015.7.4"]
[Round "1"]
[White "yclaudiu35"]
[Black "lobatov"]
[Result "1-0"]
[WhiteElo "2043"]
[BlackElo "2079"]

1. e4 c5 2. Nf3 d6 3. d4 cxd4 4. Nxd4 Nf6 5. Nc3 a6 6. Bc4 e6 7. Bg5 Be7 8. O-O
O-O 9. f4 Qb6 10. b3 e5 11. fxe5 dxe5 12. Na4 Qxd4+ 13. Qxd4 exd4 14. e5 Nd5 15.
Bxe7 Nxe7 16. Rad1 1-0

[Event "AUTO-MASTER-2323"]
[Site "http://www.queenalice.com/game.php?id=1369696"]
[Date "2015.7.4"]
[Round "1"]
[White "lobatov"]
[Black "yclaudiu35"]
[Result "0-1"]
[WhiteElo "2098"]
[BlackElo "2024"]

1. e4 e5 2. Nf3 Nc6 3. Bb5 Qf6 4. Nc3 Nge7 5. O-O h6 6. d3 d6 7. Nd5 Nxd5 8.
exd5 a6 9. dxc6 axb5 10. cxb7 Bxb7 11. Be3 Bxf3 12. Qxf3 Qxf3 13. gxf3 c5 14. f4
exf4 15. Bxf4 Kd7 16. Rfe1 g5 0-1

[Event "AUTO-MASTER-2323"]
[Site "http://www.queenalice.com/game.php?id=1369707"]
[Date "2015.7.4"]
[Round "1"]
[White "docb"]
[Black "lobatov"]
[Result "1-0"]
[WhiteElo "2004"]
[BlackElo "2013"]

1. e4 e6 2. d4 d5 3. Nd2 Nf6 4. e5 Nfd7 5. Bd3 c5 6. c3 Nc6 7. Ne2 cxd4 8. cxd4
f6 9. f4 Be7 10. O-O O-O 11. Rf3 Qb6 12. Rh3 fxe5 13. Bxh7+ Kf7 14. fxe5 Nxd4
15. Nxd4 Qxd4+ 16. Kh1 Ke8 17. Qh5+ Kd8 18. Rf3 Rxf3 19. Qxf3 1-0

[Event "AUTO-MASTER-2323"]
[Site "http://www.queenalice.com/game.php?id=1369708"]
[Date "2015.7.4"]
[Round "1"]
[White "lobatov"]
[Black "docb"]
[Result "0-1"]
[WhiteElo "1997"]
[BlackElo "2020"]

1. d4 d5 2. c4 e6 3. Nc3 Nf6 4. Bg5 Nbd7 5. Nf3 Be7 6. e3 a6 7. Bd3 dxc4 8. Bxc4
b5 9. Bd3 Bb7 10. a3 c5 11. e4 cxd4 12. Nxd4 Nc5 13. Bc2 Nfxe4 14. Bxe7 Qxe7 15.
Nxe4 Nxe4 0-1

[Event "AUTO-MASTER-2323"]
[Site "http://www.queenalice.com/game.php?id=1369715"]
[Date "2015.7.4"]
[Round "1"]
[White "lobatov"]
[Black "GildemarSantos"]
[Result "0-1"]
[WhiteElo "2062"]
[BlackElo "2209"]

1. d4 Nf6 2. c4 e6 3. Nf3 b6 4. g3 Bb7 5. Bg2 Bb4+ 6. Bd2 Qe7 7. O-O O-O 8. a3
Bxd2 9. Nbxd2 d5 10. Ne5 Nbd7 11. Nxd7 Qxd7 12. e3 c5 0-1

[Event "AUTO-MASTER-2323"]
[Site "http://www.queenalice.com/game.php?id=1369716"]
[Date "2015.7.4"]
[Round "1"]
[White "GildemarSantos"]
[Black "lobatov"]
[Result "1-0"]
[WhiteElo "2217"]
[BlackElo "2052"]

1. Nf3 d5 2. c4 c6 3. e3 Nf6 4. Nc3 e6 5. cxd5 cxd5 6. d4 Bd6 7. Bb5+ Bd7 8. Qb3
O-O 9. O-O Nc6 10. Bd2 Rc8 11. h3 a6 12. Bd3 b5 13. Qd1 1-0